| 000 | 00354nam a2200145Ia 4500 | ||
|---|---|---|---|
| 008 | 230917s9999||||xx |||||||||||||| ||und|| | ||
| 040 |
_e97248 _aMAIN |
||
| 041 | _aEnglish | ||
| 082 | _a954.5 G129P | ||
| 100 | _aGajrani, S | ||
| 245 | 0 | _aPeasant movement in Punjab | |
| 260 |
_aDelhi _bAnmol Publications _c1987 |
||
| 300 | _axxii, 120 p. | ||
| 942 | _cBK | ||
| 999 |
_c60248 _d60248 |
||